| 000 | 00522nam a2200217Ia 4500 | ||
|---|---|---|---|
| 008 | 170918s9999 xx 000 0 und d | ||
| 020 | _a9780805068481 | ||
| 050 | _bF597 2002 | ||
| 100 | _aFleming, Denise | ||
| 245 | _aAlphabet : | ||
| 245 | _bunder construction / | ||
| 245 | _cby Denise Fleming. | ||
| 250 | _aFirst edition. | ||
| 260 | _aNew York : | ||
| 260 | _bHenry Holt and Company, | ||
| 260 | _c2002 | ||
| 300 | _aunpaged : | ||
| 300 | _bcolored illustration ; | ||
| 300 | _c28cm. | ||
| 500 | _aBR | ||
| 999 |
_c342949 _d342949 |
||